Tuyển chọn theo chuyên đề chuẩn bị cho kì thi vào trung học phổ thông môn toán
Bộ sách có hai tập gồm 10 chương với nhiều chuyên đề. Mỗi chuyên đề được trình bày dễ hiểu với nhiều thí dụ đa dạng. Cuối mỗi chuyên đề đều có phần bài tập tự luyện để bạn đọc tự kiểm tra sự hiểu biết của mình....
保存先:
| フォーマット: | 図書 |
|---|---|
| 言語: | Undetermined |
| 出版事項: |
Hà Nội
Giáo dục Việt Nam
2012
|
| 主題: | |
| タグ: |
タグ追加
タグなし, このレコードへの初めてのタグを付けませんか!
|
| Thư viện lưu trữ: | Trung tâm Học liệu Trường Đại học Cần Thơ |
|---|
| LEADER | 01044nam a2200205Ia 4500 | ||
|---|---|---|---|
| 001 | CTU_183855 | ||
| 008 | 210402s9999 xx 000 0 und d | ||
| 020 | |c 35000 | ||
| 082 | |a 510.712 | ||
| 082 | |b T527/T.2 | ||
| 245 | 0 | |a Tuyển chọn theo chuyên đề chuẩn bị cho kì thi vào trung học phổ thông môn toán | |
| 245 | 0 | |c Phạm Thị Bạch Ngọc, ...[et al.] biên soạn | |
| 260 | |a Hà Nội | ||
| 260 | |b Giáo dục Việt Nam | ||
| 260 | |c 2012 | ||
| 520 | |a Bộ sách có hai tập gồm 10 chương với nhiều chuyên đề. Mỗi chuyên đề được trình bày dễ hiểu với nhiều thí dụ đa dạng. Cuối mỗi chuyên đề đều có phần bài tập tự luyện để bạn đọc tự kiểm tra sự hiểu biết của mình. | ||
| 650 | |a Mathematics,Toán học | ||
| 650 | |x Study and teaching,Dạy và học | ||
| 904 | |i Hải | ||
| 980 | |a Trung tâm Học liệu Trường Đại học Cần Thơ | ||